| 000 | 00414nab a2200145Ia 4500 | ||
|---|---|---|---|
| 003 | ES-SlBCS | ||
| 005 | 20210601131735.0 | ||
| 008 | 140529s1954 xxu||||| |||| 00| 0 fre d | ||
| 041 | _afre | ||
| 100 | 1 |
_aDelavignette, Robert _936169 |
|
| 245 | 0 | 0 |
_aTémoins de Dien-Bien-Phu _c Robert Delavignette |
| 651 | 4 |
_aIndochina _9188338 |
|
| 773 | 0 |
_tVie Intelectuelle (La) _gnº. 6, 1954, págs. 1-5 _wRev907 |
|
| 942 | _cAR | ||
| 999 |
_c567972 _d567972 |
||